000 00689nam a2200229 a 4500
001 45171
003 BD-RjUL
005 20211209053955.0
008 160724s1970 ii a b 001 0 eng
035 _a(BD-RjUL) 45289
040 _aDLC
_cDLC
_dBD-RjUL
_beng
041 _aeng
082 _223
_a338.1954
_bMAP 1970
100 1 0 _aMadalgi, S. S.,
_d1927-
_9138376
245 1 0 _aPopulation and food supply in India /
_cby S. S. Madalgi.
260 0 _aBombay :
_bLalvani Pub. House,
_cc1970.
300 _ax, 160 p. :
_bill. ;
_c23 cm.
504 _aIncludes bibliographical references.
650 0 _aFood supply
_zIndia.
_9138377
651 0 _aIndia
_xPopulation.
_9138378
942 _2ddc
_cBK
999 _c45171
_d45171